000 00508nmm a2200169Ia 4500
008 251105s9999||||xx |||||||||||||||||und||
020 _a9788497492683
041 _aspa
100 _aLosada Otero, María Dolores
245 0 _aAproximaciones psicosociales a la educación ambiental
264 _a[Madrid, España] :
_bUniversidade da Coruña,
_c2007
300 _a211 páginas
490 _aMonografías
650 _aEducation
856 _uhttps://public.digitaliapublishing.com/a/9142
942 _cCF
999 _c90557
_d90557